MARC

LEADER 00000nam0a2200000 4500
001 23295
005 20231101205535.0
035 |a (RuTPU)RU\TPU\book\23513 
035 |a BOOK00023586 
090 |a 23295 
100 |a 20011209d1952 km y0rusy50 ca 
101 0 |a ger  |a rus 
102 |a RU 
105 |a y e 000zy 
200 1 |a Немецко-русский строительный словарь  |f сост. П. Г. Амбургер 
210 |a Москва  |c Гостехиздат  |d 1952 
215 |a 530 с. 
606 |a Строительство  |2 stltpush  |3 (RuTPU)RU\TPU\subj\57832  |9 75681 
606 |a Немецкий язык  |x Терминологические словари  |2 stltpush  |3 (RuTPU)RU\TPU\subj\45383  |9 64626 
610 1 |a словари 
610 1 |a терминологические словари 
675 |a 69(038)  |v 3 
686 |a Ш143.24-43  |v LBC/SL-A  |2 rubbk 
702 1 |a Амбургер  |b П. Г.  |g Павел Густавович  |4 220 
801 0 |a RU  |b 63413507  |c 20011209  |g PSBO 
801 2 |a RU  |b 63413507  |c 20221103  |g PSBO 
942 |c BK